Contratacin̤ estatal Del principio de planeacin̤ en el sistema de compras pb︢licas en Colombia: una visin̤ multidisciplinaria /

Detalles Bibliográficos
Autor principal: Silva Tenorio, John Fredy
Formato: eBook
Lenguaje:español
Publicado: Bogot:̀ Universidad Catl̤ica de Colombia, 2019
Materias:
Acceso en línea:Acceso restringido

MARC

LEADER 00000nam a22000007a 4500
005 20190813224734.0
007 cr|||| ||||
008 190813s2019 co |||||s|||| 00||0 spa d
020 |a 9789585456457 
035 |a 24048 
040 |a vLex 
090 |c 9174  |d 9174 
100 1 |a Silva Tenorio, John Fredy 
245 1 0 |a Contratacin̤ estatal  |h [Recurso electrn̤ico] :  |b Del principio de planeacin̤ en el sistema de compras pb︢licas en Colombia: una visin̤ multidisciplinaria /  |c John Fredy Silva Tenorio 
256 |a Servicio en ln̕ea 
260 |a Bogot:̀  |b Universidad Catl̤ica de Colombia,  |c 2019 
300 |a 1 recurso electrn̤ico 
500 |a La contratacin̤ estatal es uno de los temas ms̀ controvertidos y dinm̀icos en el sistema jurd̕ico colombiano, partiendo ello de la lectura de la legislacin̤ local, la doctrina, la jurisprudencia especializada en la materia hasta llegar al denominado derecho blando de los contratos estatales. As ̕y para un anl̀isis adecuado de aquella actividad estatal, resulta necesario el acercamiento a los principios del sistema de contratacin̤ pb︢lica en Colombia, dado que constituyen verdaderas reglas de conducta para los participantes del sistema de compras pb︢licas que permiten regularizar y materializar los fines estatales. En particular y el cual es objeto de este estudio, se resalta la importancia del principio de planeacin̤ en la confeccin̤ de los negocios estatales, como nc︢leo central del ejercicio de aquella actividad administrativa - pese a su no definicin̤ legal-, presentando a su vez sus elementos estructurales, pero ms̀ importante an︢, su entendimiento desde una visin̤ multidisciplinar, esto es, desde el plano ter̤ico-prc̀tico, judicial (contencioso administrativo y penal) y administrativo (disciplinario y fiscal). Bajo aquella perspectiva, se intenta entonces presentar una institucin̤ autn̤oma y cambiante, a travš de cada uno de esos campos de estudio, sin ahondar en ellos por imposibilidad dogmt̀ica y ter̤ica. En conclusin̤, este estudio busca presentar la naturaleza jurd̕ica, verst̀il y necesaria del principio de planeacin̤ desde varias p̤ticas jurd̕icas, constituyendo de tal forma un primer acercamiento a una investigacin̤ ms̀ extensa y futura, dada la urgencia jurd̕ica, dogmt̀ica y sobre todo prc̀tica de analizar la institucin̤ ms̀ importante en el pas̕ en materia de compras pb︢licas. 
506 1 |a Disponible solo en los productos indicados  |d vLex Global  |d vLex Global (Academic Edition, excluding Law Schools)  |d vLex Global (U.S. Academic Edition, Law Schools)  |d vLex Global (U.S. Academic Edition, excluding Law Schools)  |d vLex Global (Academic Edition, Law Schools) 
650 0 4 |a Derecho Pb︢lico y Administrativo  |z Colombia 
740 0 |a vLex Libros (Servicio en ln̕ea) 
856 4 0 |u http://vlex.com/source/contratacion-estatal-del-principio-de-planeacion-en-el-sistema-de-compras-publicas-en-colombia-una-vision-multidisciplinaria-24048  |z Acceso restringido 
942 |c BOOK 
999 0 |a Public and Administrative Law